000 00419pab a2200145 454500
008 180718b1997 xxu||||| |||| 00| 0 eng d
100 _aPattanaik, Sitakantha
245 _aTarget and instruments for the external sector with an open capital account
260 _c1997
300 _ap.2541-
362 _a4 Oct
650 _aInternational monetary systems
773 _aEconomic and Political Weekly
909 _a35653
999 _c35653
_d35653